Mecánica de materiales
Sábháilte in:
| Príomhchruthaitheoirí: | , , |
|---|---|
| Formáid: | LEABHAR |
| Teanga: | Spáinnis |
| Foilsithe / Cruthaithe: |
Cuernavaca
McGraw-Hill
2007
|
| Eagrán: | 4a. ed |
| Ábhair: | |
| Clibeanna: |
Cuir clib leis
Níl clibeanna ann, Bí ar an gcéad duine le clib a chur leis an taifead seo!
|
MARC
| LEADER | 00000nam a2200000 a 4500 | ||
|---|---|---|---|
| 001 | UCH4667 | ||
| 003 | CL-VaPUC | ||
| 008 | 090827e20070000MX |||||||||||||||||spa|d | ||
| 020 | |a 9701061012 | ||
| 082 | 0 | 4 | |a 620.1123 |b BEE |2 21 |
| 100 | 0 | |a Beer, Ferdinand Pierre |e author |9 540329 | |
| 700 | 0 | |a Johnston, Ellwood Russell |e author |9 540330 | |
| 700 | 0 | |a DeWolf, John T |e author |9 540331 | |
| 245 | 1 | 0 | |a Mecánica de materiales |
| 250 | |a 4a. ed | ||
| 300 | |a 788 p | ||
| 942 | |c BK | ||
| 945 | |d 20090827 00:00:00 |a dcastane | ||
| 260 | |a Cuernavaca |b McGraw-Hill |c 2007 | ||
| 650 | 0 | |a Resistencia de materiales |9 260095 | |
| 650 | 0 | |a Propiedades físicas |9 342981 | |
| 650 | 0 | |a Propiedades mecánicas |9 262507 | |
| 650 | 0 | |a Torsión |9 266757 | |
| 650 | 7 | |a FLEXION |2 CL-VaPUC |9 471607 | |
| 650 | 7 | |a MOMENTOS DE FUERZA |2 CL-VaPUC |9 540332 | |
| 583 | |a last modification |c 20090827 00:00:00 |k Rodrigo Vera | ||
| 999 | |c 335940 |d 335938 | ||
| 952 | |0 0 |1 0 |2 ddc |4 0 |6 620_112300000000000_BEE_2007 |7 0 |8 A |9 426796 |a BIBING |b BIBING |c RES |d 2019-11-22 |i 4592263 |l 6 |m 1 |o 620.1123 BEE 2007 |p 4592263 |r 2025-01-20 |s 2024-05-22 |w 2019-11-22 |y BK |k EIQ | ||
| 952 | |0 0 |1 0 |2 ddc |4 0 |6 620_112300000000000_BEE_2007 |7 0 |8 A |9 426797 |a BIBING |b BIBING |c RES |d 2019-11-22 |i 4641256 |l 1 |o 620.1123 BEE 2007 |p 4641256 |r 2025-04-14 |s 2025-04-02 |w 2019-11-22 |y BK |k CCI | ||
| 952 | |0 0 |1 0 |4 0 |6 620_112300000000000_BEE_2007 |7 0 |8 R |9 426798 |a BIBMEC |b BIBMEC |d 2019-11-22 |i 4737725 |l 2 |o 620.1123 BEE 2007 |p 4737725 |r 2024-01-19 |s 2022-05-12 |w 2019-11-22 |y BK_R |k MEC | ||